01222cam a22002772 450000100060000000300080000600500170001400800410003103500190007204000410009104100080013205100120014008200220015210000480017424501390022226000660036130000640042750000650049150400530055665100470060965100420065671000810069894200120077999900170079195201360080823713BD-RjUL20211209000949.0140311s1943 ncuab b 000 0 eng  a(BD-RjUL)23778 aDLCcWMCdSERdBD-RjULdBD-RjULbeng aeng cCopy 2. a309.175bODS 19431 aOdum, Howard Washington,d1884-1954.91970810aSouthern regions of the United States /cby Howard W. Odum for the Southern regional committee of the Social science research council. aChapel Hill :bThe University of North Carolina Press,c1943. axi, 664 p. :bincl. illus. (maps) tables, diagrs. ;c26 cm. aEach part preceded by half-title not included in the paging. a"Bibliography and source materials": p. 605-620. 0aSouthern StatesxSocial conditions.914606 0aSouthern StatesxCivilization.9730102 aSocial Science Research Council (U.S.).bSouthern Regional Committee.973011 2ddccBK c23713d23713 00102ddc40728NFICaRUCLbRUCLcReadingd1955-10-28eO.U.Pg39.00l0o309.175 ODS 1943r2014-03-11 00:00:00tC-1w2014-03-11yBK